Formula 1: Teammates by Driver #1 - Statistics

General Stats
  • This quiz has been taken 3,417 times
    1,256 since last reset
  • The average score is 31 of 45
Answer Stats
Driver Seasons Teammate Country Team % Correct
Lewis Hamilton 2025- Charles Leclerc Monaco Ferrari
100%
Sebastian Vettel 2019-2020 Charles Leclerc Monaco Ferrari
100%
Lewis Hamilton 2022-2024 George Russell United Kingdom Mercedes
99%
Lewis Hamilton 2013-2016 Nico Rosberg Germany Mercedes
98%
Lewis Hamilton 2017-2021 Valtteri Bottas Finland Mercedes
98%
Lewis Hamilton 2007 Fernando Alonso Spain McLaren
97%
Jenson Button 2015-2016 Fernando Alonso Spain McLaren
97%
Kimi Räikkönen 2014 Fernando Alonso Spain Ferrari
97%
Nico Rosberg 2013-2016 Lewis Hamilton United Kingdom Mercedes
96%
Jenson Button 2010-2012 Lewis Hamilton United Kingdom McLaren
96%
Sebastian Vettel 2015-2018 Kimi Räikkönen Finland Ferrari
95%
Sebastian Vettel 2021-2022 Lance Stroll Canada Aston Martin
93%
Lewis Hamilton 2010-2012 Jenson Button United Kingdom McLaren
91%
Sebastian Vettel 2014 Daniel Ricciardo Australia Red Bull
90%
Nico Rosberg 2010-2012 Michael Schumacher Germany Mercedes
90%
Nico Rosberg 2006 Mark Webber Australia Williams
89%
Sebastian Vettel 2009-2013 Mark Webber Australia Red Bull
89%
Jenson Button 2000 Ralf Schumacher Germany Williams
89%
Kimi Räikkönen 2015-2018 Sebastian Vettel Germany Ferrari
88%
Jenson Button 2013 Sergio Perez Mexico McLaren
82%
Jenson Button 2014 Kevin Magnussen Denmark McLaren
77%
Kimi Räikkönen 2007-2009 Felipe Massa Brazil Ferrari
74%
Jenson Button 2006-2009 Rubens Barrichello Brazil Honda, Brawn
69%
Kimi Räikkönen 2019-2021 Antonio Giovinazzi Italy Alfa Romeo
67%
Kimi Räikkönen 2012-2013 Romain Grosjean France Lotus
67%
Lewis Hamilton 2008-2009 Heikki Kovalainen Finland McLaren
64%
Kimi Räikkönen 2005-2006 Juan Pablo Montoya Colombia McLaren
64%
Jenson Button 2003 Jacques Villeneuve Canada BAR
59%
Jenson Button 2016-2017 Stoffel Vandoorne Belgium McLaren
57%
Kimi Räikkönen 2002-2004 David Coulthard United Kingdom McLaren
53%
Jenson Button 2001 Giancarlo Fisichella Italy Benetton
52%
Kimi Räikkönen 2009 Giancarlo Fisichella Italy Ferrari
52%
Jenson Button 2002 Jarno Trulli Italy Renault
51%
Sebastian Vettel 2007 Nick Heidfeld Germany BMW Sauber
46%
Kimi Räikkönen 2001 Nick Heidfeld Germany Sauber
46%
Jenson Button 2003-2005 Takuma Sato Japan BAR
46%
Kimi Räikkönen 2005, 2006 Pedro de la Rosa Spain McLaren
41%
Nico Rosberg 2007 Alexander Wurz Austria Williams
36%
Kimi Räikkönen 2005 Alexander Wurz Austria McLaren
36%
Nico Rosberg 2007-2009 Kazuki Nakajima Japan Williams
34%
Sebastian Vettel 2007 Vitantonio Liuzzi Italy Toro Rosso
33%
Kimi Räikkönen 2009 Luca Badoer Italy Ferrari
32%
Sebastian Vettel 2008 Sebastian Bourdais France Toro Rosso
31%
Jenson Button 2005 Anthony Davidson United Kingdom BAR
22%
Kimi Räikkönen 2012 Jerome d'Ambrosio Belgium Lotus
21%
No matching quizzes found
Score Distribution
Percent of People with Each Score
Percentile by Number Answered
Your Score History
You have not taken this quiz since the last reset